| 000 | 00873nam1a22002651i 4500 | ||
|---|---|---|---|
| 001 | v19\rc\1506312 | ||
| 005 | 20240726005122.0 | ||
| 035 | _a(NLR Aleph) 004632095 | ||
| 090 |
_a3180808 _c3180808 |
||
| 100 | _a20060620d1883 |||y0rusy50 ca | ||
| 101 | 0 | _arus | |
| 102 | _aRU | ||
| 105 | _ay z ||||| | ||
| 200 | 1 |
_aСборник сведений по общественной благотворительности _eТ. 2 |
|
| 210 |
_aСанкт-Петербург _cЧеловеколюбивое о-во _d1883 |
||
| 215 | _d26 | ||
| 300 | _aОписано по обл. На тит. л. частное загл. тома | ||
| 801 | 0 |
_aRU _bNLR _gpsbo |
|
| 801 | 0 |
_aRU _bRuMoRGB _2psbo |
|
| 801 | 1 |
_aRU _bProSoft-M _2rusmarc |
|
| 852 |
_aNLR _j66-7/419 |
||
| 899 |
_aRuMoRGB _jXXIV 109/20 |
||
| 899 |
_aRuMoRGB _jXXIV 109/18 |
||
| 899 |
_aRuMoRGB _jXXIV 109/19 |
||
| 942 | _cBOOK | ||